[Event "Tournoi élite du Barreau de Paris"]
[Site "Paris, France"]
[Date "2021.09.11"]
[Round "3.3"]
[White "Belkhodja, Slim"]
[Black "Razafindratsima, Timothe"]
[Result "1-0"]
[TimeControl "90'+30\""]
[WhiteTitle "GM"]
[BlackTitle "FM"]
[WhiteElo "2358"]
[BlackElo "2387"]

1. e4 {[%clk 01:30:29]} {[%emt 00:00:30]} e5 {[%clk 01:30:47]} {[%emt
00:00:13]} 2. Bc4 {[%clk 01:30:28]} {[%emt 00:00:30]} Nf6 {[%clk 01:28:14]}
{[%emt 00:03:04]} 3. d3 {[%clk 01:30:40]} {[%emt 00:00:18]} Bc5 {[%clk
01:27:23]} {[%emt 00:01:22]} 4. Nc3 {[%clk 01:29:36]} {[%emt 00:01:34]} Nc6
{[%clk 01:23:52]} {[%emt 00:04:01]} 5. Nf3 {[%clk 01:28:21]} {[%emt 00:01:44]}
d6 {[%clk 01:24:01]} {[%emt 00:00:22]} 6. Na4 {[%clk 01:27:07]} {[%emt
00:01:44]} a6 {[%clk 01:21:35]} {[%emt 00:02:56]} 7. Nxc5 {[%clk 01:27:10]}
{[%emt 00:00:27]} dxc5 {[%clk 01:22:04]} {[%emt 00:00:02]} 8. O-O {[%clk
01:21:02]} {[%emt 00:06:37]} Bg4 {[%clk 01:17:13]} {[%emt 00:05:21]} 9. c3
{[%clk 01:21:11]} {[%emt 00:00:21]} Qd6 {[%clk 01:14:36]} {[%emt 00:03:07]} 10.
a3 {[%clk 01:20:33]} {[%emt 00:01:09]} Rd8 {[%clk 01:05:41]} {[%emt 00:09:24]}
11. Be3 {[%clk 01:15:39]} {[%emt 00:05:24]} b5 {[%clk 00:59:49]} {[%emt
00:06:20]} 12. Ba2 {[%clk 01:13:23]} {[%emt 00:02:47]} O-O {[%clk 00:58:15]}
{[%emt 00:02:05]} 13. Qe2 {[%clk 01:07:38]} {[%emt 00:06:14]} h6 {[%clk
00:53:10]} {[%emt 00:05:35]} 14. Rfd1 {[%clk 01:06:06]} {[%emt 00:02:02]} a5
{[%clk 00:42:16]} {[%emt 00:11:25]} 15. a4 {[%clk 01:02:59]} {[%emt 00:03:37]}
b4 {[%clk 00:39:14]} {[%emt 00:03:32]} 16. h3 {[%clk 01:02:09]} {[%emt
00:01:19]} Bh5 {[%clk 00:36:56]} {[%emt 00:02:48]} 17. Rac1 {[%clk 00:53:45]}
{[%emt 00:08:54]} Rb8 {[%clk 00:29:14]} {[%emt 00:08:13]} 18. cxb4 {[%clk
00:48:52]} {[%emt 00:05:23]} cxb4 {[%clk 00:27:35]} {[%emt 00:02:10]} 19. Bc5
{[%clk 00:33:00]} {[%emt 00:16:21]} Qd7 {[%clk 00:23:34]} {[%emt 00:04:32]} 20.
Qe3 {[%clk 00:27:51]} {[%emt 00:05:38]} Bxf3 {[%clk 00:21:51]} {[%emt
00:02:13]} 21. Qxf3 {[%clk 00:27:13]} {[%emt 00:01:08]} Nd4 {[%clk 00:22:07]}
{[%emt 00:00:14]} 22. Qe3 {[%clk 00:23:22]} {[%emt 00:04:20]} b3 {[%clk
00:19:29]} {[%emt 00:03:09]} 23. Bb1 {[%clk 00:23:25]} {[%emt 00:00:27]} Rfd8
{[%clk 00:19:24]} {[%emt 00:00:35]} 24. Rc4 {[%clk 00:20:58]} {[%emt 00:02:56]}
Ne6 {[%clk 00:19:08]} {[%emt 00:00:46]} 25. Rdc1 {[%clk 00:21:03]} {[%emt
00:00:25]} Nh7 {[%clk 00:15:47]} {[%emt 00:03:52]} 26. Qe1 {[%clk 00:18:15]}
{[%emt 00:03:18]} Nxc5 {[%clk 00:12:17]} {[%emt 00:04:00]} 27. Rxc5 {[%clk
00:18:35]} {[%emt 00:00:10]} Qd4 {[%clk 00:12:35]} {[%emt 00:00:13]} 28. Qc3
{[%clk 00:16:28]} {[%emt 00:02:37]} Ng5 {[%clk 00:08:45]} {[%emt 00:04:20]} 29.
Rxe5 {[%clk 00:14:00]} {[%emt 00:02:57]} Qxa4 {[%clk 00:05:18]} {[%emt
00:03:58]} 30. Rxa5 {[%clk 00:13:58]} {[%emt 00:00:32]} Qd7 {[%clk 00:05:40]}
{[%emt 00:00:08]} 31. Rd5 {[%clk 00:12:08]} {[%emt 00:02:20]} Qe7 {[%clk
00:04:26]} {[%emt 00:01:45]} 32. Rxd8+ {[%clk 00:09:42]} {[%emt 00:02:55]} Qxd8
{[%clk 00:04:51]} {[%emt 00:00:04]} 33. d4 {[%clk 00:07:05]} {[%emt 00:03:07]}
Ne6 {[%clk 00:05:01]} {[%emt 00:00:20]} 34. d5 {[%clk 00:05:51]} {[%emt
00:01:44]} Nf4 {[%clk 00:05:26]} {[%emt 00:00:05]} 35. Qf3 {[%clk 00:05:41]}
{[%emt 00:00:38]} Qg5 {[%clk 00:03:38]} {[%emt 00:02:18]} 36. Rxc7 {[%clk
00:05:12]} {[%emt 00:00:59]} Qe5 {[%clk 00:02:53]} {[%emt 00:01:15]} 37. Rc3
{[%clk 00:04:38]} {[%emt 00:01:05]} Ra8 {[%clk 00:03:18]} {[%emt 00:00:05]} 38.
g3 {[%clk 00:04:43]} {[%emt 00:00:25]} Nxh3+ {[%clk 00:02:55]} {[%emt
00:00:53]} 39. Kg2 {[%clk 00:05:08]} {[%emt 00:00:04]} Ng5 {[%clk 00:03:21]}
{[%emt 00:00:04]} 40. Qf4 {[%clk 00:05:08]} {[%emt 00:00:30]} Qd4 {[%clk
00:03:38]} {[%emt 00:00:14]} 41. Rxb3 {[%clk 00:04:44]} {[%emt 00:00:54]} Qd1
{[%clk 00:04:02]} {[%emt 00:00:07]} 42. Ba2 {[%clk 00:03:45]} {[%emt 00:01:29]}
Qh5 {[%clk 00:03:09]} {[%emt 00:01:22]} 43. Rb8+ {[%clk 00:03:32]} {[%emt
00:00:44]} Rxb8 {[%clk 00:03:22]} {[%emt 00:00:18]} 44. Qxb8+ {[%clk 00:03:56]}
{[%emt 00:00:05]} Kh7 {[%clk 00:03:49]} {[%emt 00:00:03]} 45. Qf4 {[%clk
00:04:14]} {[%emt 00:00:13]} Qh3+ {[%clk 00:03:46]} {[%emt 00:00:33]} 46. Kg1
{[%clk 00:04:38]} {[%emt 00:00:05]} Qh5 {[%clk 00:03:59]} {[%emt 00:00:17]} 47.
Qe3 {[%clk 00:03:37]} {[%emt 00:01:31]} Qg4 {[%clk 00:02:31]} {[%emt 00:01:58]}
48. e5 {[%clk 00:02:43]} {[%emt 00:01:24]} h5 {[%clk 00:01:44]} {[%emt
00:01:17]} 49. e6 {[%clk 00:03:02]} {[%emt 00:00:10]} fxe6 {[%clk 00:01:12]}
{[%emt 00:01:03]} 50. dxe6 {[%clk 00:03:27]} {[%emt 00:00:05]} h4 {[%clk
00:01:22]} {[%emt 00:00:20]} 51. e7 {[%clk 00:03:35]} {[%emt 00:00:21]} Qd1+
{[%clk 00:01:27]} {[%emt 00:00:25]} 52. Kh2 {[%clk 00:02:23]} {[%emt 00:01:41]}
Nf3+ {[%clk 00:01:42]} {[%emt 00:00:16]} 53. Kg2 {[%clk 00:01:39]} {[%emt
00:01:13]} h3+ {[%clk 00:01:38]} {[%emt 00:00:34]} 54. Kxh3 {[%clk 00:02:03]}
{[%emt 00:00:06]} Qh1+ {[%clk 00:01:32]} {[%emt 00:00:36]} 55. Kg4 {[%clk
00:02:27]} {[%emt 00:00:05]} Nh2+ {[%clk 00:01:38]} {[%emt 00:00:24]} 56. Kf4
{[%clk 00:01:57]} {[%emt 00:01:01]} g5+ {[%clk 00:01:18]} {[%emt 00:00:51]} 57.
Kf5 {[%clk 00:02:20]} {[%emt 00:00:07]} Nf1 {[%clk 00:00:34]} {[%emt 00:01:14]}
58. e8=Q {[%clk 00:01:38]} {[%emt 00:01:11]} Nxe3+ {[%clk 00:00:59]} {[%emt
00:00:06]} 59. Qxe3 {[%clk 00:02:02]} {[%emt 00:00:05]} Qb7 {[%clk 00:01:26]}
{[%emt 00:00:03]} 60. Qe4 {[%clk 00:01:50]} {[%emt 00:00:41]} Qg7 {[%clk
00:01:26]} {[%emt 00:00:30]} 61. Qh1+ {[%clk 00:02:01]} {[%emt 00:00:16]} Qf8+
{[%emt 00:00:27]} 1-0



[ePGN "0.1;DGT LiveChess/2.2.5"]

[Event "Tournoi élite du Barreau de Paris"]
[Site "Paris, France"]
[Date "2021.09.11"]
[Round "4.2"]
[White "Belkhodja, Slim"]
[Black "Vlachos, Anatole"]
[Result "0-1"]
[TimeControl "90'+30\""]
[WhiteTitle "GM"]
[BlackTitle "IM"]
[WhiteElo "2358"]
[BlackElo "2421"]

1. b3 {[%clk 01:30:37]} {[%emt 00:00:21]} d6 {[%clk 01:30:25]} {[%emt
00:00:35]} 2. Bb2 {[%clk 01:30:47]} {[%emt 00:00:20]} f5 {[%clk 01:30:52]}
{[%emt 00:00:03]} 3. f4 {[%clk 01:28:41]} {[%emt 00:02:36]} Nf6 {[%clk
01:24:02]} {[%emt 00:07:20]} 4. Nf3 {[%clk 01:28:03]} {[%emt 00:01:07]} Nc6
{[%clk 01:20:34]} {[%emt 00:03:59]} 5. e3 {[%clk 01:27:50]} {[%emt 00:00:42]}
e6 {[%clk 01:19:22]} {[%emt 00:01:42]} 6. h3 {[%clk 01:22:32]} {[%emt
00:05:48]} Bd7 {[%clk 01:13:53]} {[%emt 00:05:59]} 7. g4 {[%clk 01:19:21]}
{[%emt 00:03:40]} Qe7 {[%clk 01:13:43]} {[%emt 00:00:40]} 8. gxf5 {[%clk
01:18:29]} {[%emt 00:01:24]} exf5 {[%clk 01:04:00]} {[%emt 00:10:11]} 9. Bxf6
{[%clk 01:18:07]} {[%emt 00:00:53]} Qxf6 {[%clk 01:04:02]} {[%emt 00:00:28]} 10.
Nc3 {[%clk 01:18:30]} {[%emt 00:00:06]} O-O-O {[%clk 01:02:40]} {[%emt
00:01:52]} 11. Nd5 {[%clk 01:18:13]} {[%emt 00:00:48]} Qh6 {[%clk 01:01:14]}
{[%emt 00:01:54]} 12. Qe2 {[%clk 01:14:33]} {[%emt 00:04:11]} Ne7 {[%clk
01:00:19]} {[%emt 00:01:26]} 13. Nc3 {[%clk 01:11:55]} {[%emt 00:03:09]} Qf6
{[%clk 01:00:27]} {[%emt 00:00:20]} 14. Bg2 {[%clk 00:57:33]} {[%emt 00:14:52]}
Nd5 {[%clk 00:58:25]} {[%emt 00:02:33]} 15. Nxd5 {[%clk 00:56:26]} {[%emt
00:01:38]} Qxa1+ {[%clk 00:58:47]} {[%emt 00:00:08]} 16. Kf2 {[%clk 00:56:51]}
{[%emt 00:00:05]} Qb2 {[%clk 00:56:30]} {[%emt 00:02:46]} 17. Qc4 {[%clk
00:54:16]} {[%emt 00:03:05]} c6 {[%clk 00:56:24]} {[%emt 00:00:37]} 18. Nd4
{[%clk 00:54:30]} {[%emt 00:00:16]} Qa3 {[%clk 00:49:36]} {[%emt 00:07:17]} 19.
b4 {[%clk 00:52:17]} {[%emt 00:02:44]} Kb8 {[%clk 00:47:50]} {[%emt 00:02:15]}
20. Rb1 {[%clk 00:44:01]} {[%emt 00:08:46]} cxd5 {[%clk 00:41:33]} {[%emt
00:06:49]} 21. Qxd5 {[%clk 00:44:22]} {[%emt 00:00:09]} Bc8 {[%clk 00:41:23]}
{[%emt 00:00:39]} 22. Rb3 {[%clk 00:41:25]} {[%emt 00:03:28]} Qa4 {[%clk
00:31:55]} {[%emt 00:09:59]} 23. b5 {[%clk 00:40:22]} {[%emt 00:01:33]} Be7
{[%clk 00:31:57]} {[%emt 00:00:28]} 24. Nc6+ {[%clk 00:37:04]} {[%emt
00:03:47]} bxc6 {[%clk 00:31:49]} {[%emt 00:00:39]} 25. Qxc6 {[%clk 00:35:03]}
{[%emt 00:02:31]} d5 {[%clk 00:31:30]} {[%emt 00:00:49]} 26. Rc3 {[%clk
00:26:01]} {[%emt 00:09:32]} Bh4+ {[%clk 00:30:58]} {[%emt 00:01:01]} 27. Kg1
{[%clk 00:25:33]} {[%emt 00:00:58]} Bb7 {[%clk 00:31:24]} {[%emt 00:00:05]} 0-1

[Event "Tournoi élite du Barreau de Paris"]
[Site "Paris, France"]
[Date "2021.09.11"]
[Round "4.3"]
[White "Razafindratsima, Timothe"]
[Black "Kuhn, Clement"]
[Result "0-1"]
[TimeControl "90'+30\""]
[WhiteTitle "FM"]
[BlackTitle "FM"]
[WhiteElo "2387"]
[BlackElo "2302"]

1. e4 {[%clk 01:30:56]} {[%emt 00:00:03]} c5 {[%clk 01:30:49]} {[%emt
00:00:11]} 2. Nc3 {[%clk 01:31:12]} {[%emt 00:00:14]} Nc6 {[%clk 01:30:46]}
{[%emt 00:00:32]} 3. Bb5 {[%clk 01:31:33]} {[%emt 00:00:09]} Nd4 {[%clk
01:30:56]} {[%emt 00:00:21]} 4. Nf3 {[%clk 01:31:52]} {[%emt 00:00:10]} a6
{[%clk 01:29:16]} {[%emt 00:02:11]} 5. Bd3 {[%clk 01:31:57]} {[%emt 00:00:24]}
Nc6 {[%clk 01:28:17]} {[%emt 00:01:30]} 6. b3 {[%clk 01:31:43]} {[%emt
00:00:44]} e5 {[%clk 01:24:29]} {[%emt 00:04:18]} 7. Nd5 {[%clk 01:22:01]}
{[%emt 00:10:13]} g6 {[%clk 01:22:15]} {[%emt 00:02:44]} 8. Bb2 {[%clk
01:15:12]} {[%emt 00:07:19]} Bg7 {[%clk 01:22:26]} {[%emt 00:00:18]} 9. Qe2
{[%clk 01:11:29]} {[%emt 00:04:13]} d6 {[%clk 01:20:37]} {[%emt 00:02:18]} 10.
h4 {[%clk 01:08:26]} {[%emt 00:03:34]} Bg4 {[%clk 01:18:42]} {[%emt 00:02:25]}
11. Ne3 {[%clk 01:06:35]} {[%emt 00:02:21]} h5 {[%clk 01:14:14]} {[%emt
00:04:58]} 12. Qf1 {[%clk 01:06:12]} {[%emt 00:00:53]} Bxf3 {[%clk 01:08:45]}
{[%emt 00:05:59]} 13. gxf3 {[%clk 01:06:37]} {[%emt 00:00:06]} Nf6 {[%clk
01:07:27]} {[%emt 00:01:47]} 14. Bc4 {[%clk 00:55:08]} {[%emt 00:11:59]} Nd4
{[%clk 00:59:06]} {[%emt 00:08:51]} 15. Qg2 {[%clk 00:54:19]} {[%emt 00:01:19]}
b5 {[%clk 00:58:40]} {[%emt 00:00:57]} 16. Bd3 {[%clk 00:54:37]} {[%emt
00:00:11]} Bh6 {[%clk 00:57:42]} {[%emt 00:01:28]} 17. a4 {[%clk 00:51:54]}
{[%emt 00:03:14]} Rb8 {[%clk 00:57:27]} {[%emt 00:00:44]} 18. axb5 {[%clk
00:34:40]} {[%emt 00:17:45]} axb5 {[%clk 00:57:50]} {[%emt 00:00:07]} 19. Bxd4
{[%clk 00:26:40]} {[%emt 00:08:29]} exd4 {[%clk 00:56:59]} {[%emt 00:01:21]} 20.
Nd5 {[%clk 00:25:18]} {[%emt 00:01:52]} Nxd5 {[%clk 00:57:22]} {[%emt
00:00:07]} 21. exd5 {[%clk 00:25:47]} {[%emt 00:00:01]} Qf6 {[%clk 00:57:20]}
{[%emt 00:00:32]} 22. O-O {[%clk 00:19:57]} {[%emt 00:06:20]} O-O {[%clk
00:57:22]} {[%emt 00:00:28]} 23. Ra7 {[%clk 00:17:19]} {[%emt 00:03:09]} Rfe8
{[%clk 00:54:04]} {[%emt 00:03:47]} 24. Qh3 {[%clk 00:12:36]} {[%emt 00:05:14]}
Bxd2 {[%clk 00:49:53]} {[%emt 00:04:41]} 25. Rd1 {[%clk 00:11:27]} {[%emt
00:01:38]} Re1+ {[%clk 00:47:33]} {[%emt 00:02:51]} 26. Rxe1 {[%clk 00:11:52]}
{[%emt 00:00:06]} Bxe1 {[%clk 00:47:58]} {[%emt 00:00:04]} 27. Kf1 {[%clk
00:10:57]} {[%emt 00:01:25]} Bd2 {[%clk 00:48:04]} {[%emt 00:00:24]} 28. Be4
{[%clk 00:09:57]} {[%emt 00:01:30]} c4 {[%clk 00:45:27]} {[%emt 00:03:07]} 29.
Qd7 {[%clk 00:07:01]} {[%emt 00:03:27]} Rf8 {[%clk 00:45:16]} {[%emt 00:00:41]}
30. bxc4 {[%clk 00:05:02]} {[%emt 00:02:29]} bxc4 {[%clk 00:44:24]} {[%emt
00:01:22]} 31. Qh3 {[%clk 00:05:22]} {[%emt 00:00:10]} d3 {[%clk 00:42:50]}
{[%emt 00:02:04]} 32. cxd3 {[%clk 00:05:35]} {[%emt 00:00:17]} c3 {[%clk
00:43:16]} {[%emt 00:00:05]} 33. d4 {[%clk 00:03:48]} {[%emt 00:02:17]} Qxd4
{[%clk 00:43:14]} {[%emt 00:00:31]} 34. Rc7 {[%clk 00:04:13]} {[%emt 00:00:05]}
Qf6 {[%clk 00:41:35]} {[%emt 00:02:08]} 35. Qg3 {[%emt 00:01:59]} Bf4 {[%clk
00:41:36]} {[%emt 00:00:22]} 36. Qh3 {[%clk 00:03:14]} {[%emt 00:00:07]} Be5
{[%clk 00:41:53]} {[%emt 00:00:13]} 37. Kg2 {[%clk 00:02:31]} {[%emt 00:01:13]}
Bd4 {[%clk 00:41:14]} {[%emt 00:01:08]} 38. Qg3 {[%clk 00:01:28]} {[%emt
00:01:34]} Bc5 {[%clk 00:41:08]} {[%emt 00:00:36]} 39. f4 {[%clk 00:01:05]}
{[%emt 00:00:53]} Re8 {[%clk 00:41:21]} {[%emt 00:00:17]} 40. Bd3 {[%clk
00:00:49]} {[%emt 00:00:46]} c2 {[%clk 00:40:41]} {[%emt 00:01:10]} 41. Bxc2
{[%clk 00:01:10]} {[%emt 00:00:09]} Re2 {[%clk 00:41:02]} {[%emt 00:00:08]} 42.
Rxc5 {[%clk 00:01:30]} {[%emt 00:00:11]} dxc5 {[%clk 00:41:26]} {[%emt
00:00:06]} 43. Bd3 {[%clk 00:01:52]} {[%emt 00:00:08]} Re8 {[%clk 00:40:17]}
{[%emt 00:01:38]} 44. f5 {[%clk 00:02:06]} {[%emt 00:00:17]} Qe5 {[%clk
00:40:00]} {[%emt 00:00:47]} 45. fxg6 {[%clk 00:02:02]} {[%emt 00:00:35]} Qxg3+
{[%clk 00:39:56]} {[%emt 00:00:33]} 46. Kxg3 {[%clk 00:02:09]} {[%emt
00:00:22]} fxg6 {[%clk 00:40:20]} {[%emt 00:00:06]} 47. Bxg6 {[%clk 00:02:10]}
{[%emt 00:00:29]} Re5 {[%clk 00:40:45]} {[%emt 00:00:05]} 48. d6 {[%clk
00:01:25]} {[%emt 00:01:15]} Rd5 {[%clk 00:40:31]} {[%emt 00:00:44]} 49. d7
{[%clk 00:01:15]} {[%emt 00:00:41]} c4 {[%clk 00:40:24]} {[%emt 00:00:37]} 0-1

[Event "Tournoi élite du Barreau de Paris"]
[Site "Paris, France"]
[Date "2021.09.11"]
[Round "4.1"]
[White "Travadon, Loic"]
[Black "Rakotomaharo, Fy Antenaina"]
[Result "1/2-1/2"]
[TimeControl "90'+30\""]
[WhiteTitle "IM"]
[BlackTitle "IM"]
[WhiteElo "2429"]
[BlackElo "2475"]

1. d4 {[%clk 01:30:57]} {[%emt 00:00:02]} Nf6 {[%clk 01:30:24]} {[%emt
00:00:36]} 2. c4 {[%clk 01:31:22]} {[%emt 00:00:05]} e6 {[%clk 01:30:51]}
{[%emt 00:00:03]} 3. Nc3 {[%clk 01:31:48]} {[%emt 00:00:04]} d5 {[%clk
01:31:12]} {[%emt 00:00:10]} 4. cxd5 {[%clk 01:32:13]} {[%emt 00:00:05]} Nxd5
{[%clk 01:31:00]} {[%emt 00:00:42]} 5. e4 {[%clk 01:32:37]} {[%emt 00:00:06]}
Nxc3 {[%clk 01:31:27]} {[%emt 00:00:03]} 6. bxc3 {[%clk 01:33:03]} {[%emt
00:00:04]} c5 {[%clk 01:31:54]} {[%emt 00:00:05]} 7. Rb1 {[%clk 01:33:28]}
{[%emt 00:00:05]} Be7 {[%clk 01:32:07]} {[%emt 00:00:16]} 8. Nf3 {[%clk
01:33:53]} {[%emt 00:00:04]} O-O {[%clk 01:32:04]} {[%emt 00:00:32]} 9. h4
{[%clk 01:34:18]} {[%emt 00:00:05]} b6 {[%clk 01:31:28]} {[%emt 00:01:07]} 10.
h5 {[%clk 01:34:03]} {[%emt 00:00:45]} h6 {[%clk 01:31:35]} {[%emt 00:00:22]}
11. Rh3 {[%clk 01:33:57]} {[%emt 00:00:35]} Kh8 {[%clk 01:30:51]} {[%emt
00:01:14]} 12. Rg3 {[%clk 01:34:05]} {[%emt 00:00:23]} Bb7 {[%clk 01:22:50]}
{[%emt 00:08:31]} 13. Bd3 {[%clk 01:34:25]} {[%emt 00:00:09]} Nd7 {[%clk
01:22:38]} {[%emt 00:00:43]} 14. Qd2 {[%clk 01:27:03]} {[%emt 00:07:53]} Rg8
{[%clk 01:13:25]} {[%emt 00:09:42]} 15. Qf4 {[%clk 01:27:18]} {[%emt 00:00:15]}
Qf8 {[%clk 01:13:26]} {[%emt 00:00:30]} 16. d5 {[%clk 01:22:51]} {[%emt
00:04:57]} exd5 {[%clk 01:07:41]} {[%emt 00:06:15]} 17. e5 {[%clk 01:23:11]}
{[%emt 00:00:11]} c4 {[%clk 01:07:09]} {[%emt 00:01:02]} 18. Bc2 {[%clk
01:22:26]} {[%emt 00:01:14]} Nc5 {[%clk 01:07:00]} {[%emt 00:00:39]} 19. e6
{[%clk 01:14:26]} {[%emt 00:08:31]} Bf6 {[%clk 01:01:16]} {[%emt 00:06:14]} 20.
exf7 {[%clk 01:14:39]} {[%emt 00:00:17]} Qxf7 {[%clk 01:01:13]} {[%emt
00:00:32]} 21. Kf1 {[%clk 00:51:15]} {[%emt 00:23:54]} Nd3 {[%clk 01:00:22]}
{[%emt 00:01:22]} 22. Bxd3 {[%clk 00:51:39]} {[%emt 00:00:07]} cxd3 {[%clk
01:00:48]} {[%emt 00:00:03]} 23. Be3 {[%clk 00:41:58]} {[%emt 00:10:11]} Qxh5
{[%clk 00:53:55]} {[%emt 00:07:23]} 24. Rh3 {[%clk 00:42:21]} {[%emt 00:00:06]}
Qg6 {[%clk 00:54:20]} {[%emt 00:00:05]} 25. Qh2 {[%clk 00:42:00]} {[%emt
00:00:52]} Bc8 {[%clk 00:51:37]} {[%emt 00:03:13]} 26. Rg3 {[%clk 00:41:47]}
{[%emt 00:00:44]} Qh7 {[%clk 00:51:39]} {[%emt 00:00:27]} 27. Rb4 {[%clk
00:35:57]} {[%emt 00:06:20]} g5 {[%clk 00:44:18]} {[%emt 00:07:51]} 28. Bd4
{[%clk 00:29:54]} {[%emt 00:06:34]} Bxd4 {[%clk 00:43:50]} {[%emt 00:00:57]} 29.
Rxd4 {[%clk 00:30:14]} {[%emt 00:00:10]} Re8 {[%clk 00:38:41]} {[%emt
00:05:38]} 30. Qh5 {[%clk 00:29:37]} {[%emt 00:01:07]} Be6 {[%clk 00:35:38]}
{[%emt 00:03:34]} 31. Rh4 {[%clk 00:24:07]} {[%emt 00:06:00]} d2 {[%clk
00:34:33]} {[%emt 00:01:35]} 32. Nxd2 {[%clk 00:24:24]} {[%emt 00:00:14]} Rg8
{[%clk 00:26:55]} {[%emt 00:08:07]} 33. Rd4 {[%clk 00:22:59]} {[%emt 00:01:55]}
Rae8 {[%clk 00:24:50]} {[%emt 00:02:35]} 34. Kg1 {[%clk 00:23:10]} {[%emt
00:00:19]} Bf7 {[%clk 00:24:48]} {[%emt 00:00:32]} 35. Qd1 {[%clk 00:23:16]}
{[%emt 00:00:37]} Re7 {[%clk 00:20:43]} {[%emt 00:04:23]} 36. Nf1 {[%clk
00:23:39]} {[%emt 00:00:06]} Rge8 {[%clk 00:20:36]} {[%emt 00:00:37]} 37. Ne3
{[%clk 00:23:58]} {[%emt 00:00:12]} Re4 {[%clk 00:20:37]} {[%emt 00:00:30]} 38.
Rh3 {[%clk 00:23:56]} {[%emt 00:00:32]} Kg7 {[%clk 00:18:31]} {[%emt 00:02:36]}
39. Qa4 {[%clk 00:22:22]} {[%emt 00:02:04]} R8e7 {[%clk 00:17:13]} {[%emt
00:01:47]} 40. Rf3 {[%clk 00:22:41]} {[%emt 00:00:12]} Be6 {[%clk 00:15:17]}
{[%emt 00:02:26]} 41. Qa3 {[%clk 00:22:36]} {[%emt 00:00:35]} Kg8 {[%clk
00:11:08]} {[%emt 00:04:39]} 42. Qd6 {[%clk 00:22:46]} {[%emt 00:00:21]} Rf7
{[%clk 00:10:29]} {[%emt 00:01:09]} 43. Qb8+ {[%clk 00:21:43]} {[%emt
00:01:33]} Kg7 {[%clk 00:10:55]} {[%emt 00:00:04]} 44. Rxf7+ {[%clk 00:22:00]}
{[%emt 00:00:12]} Bxf7 {[%clk 00:11:23]} {[%emt 00:00:02]} 45. Qxa7 {[%clk
00:21:00]} {[%emt 00:01:31]} Rxd4 {[%clk 00:11:26]} {[%emt 00:00:28]} 46. cxd4
{[%clk 00:21:27]} {[%emt 00:00:03]} Qb1+ {[%clk 00:11:25]} {[%emt 00:00:31]} 47.
Kh2 {[%clk 00:21:52]} {[%emt 00:00:06]} Qb2 {[%clk 00:11:44]} {[%emt 00:00:11]}
48. Kg3 {[%clk 00:21:35]} {[%emt 00:00:47]} Kg6 {[%clk 00:08:56]} {[%emt
00:03:17]} 49. Nf5 {[%clk 00:17:27]} {[%emt 00:04:38]} Qc3+ {[%clk 00:06:58]}
{[%emt 00:02:28]} 50. Kh2 {[%clk 00:17:33]} {[%emt 00:00:24]} Kxf5 {[%clk
00:06:28]} {[%emt 00:01:00]} 51. Qxf7+ {[%clk 00:18:01]} {[%emt 00:00:02]} Ke4
{[%clk 00:06:46]} {[%emt 00:00:12]} 52. Qg6+ {[%clk 00:17:06]} {[%emt
00:01:25]} Kxd4 {[%clk 00:07:05]} {[%emt 00:00:11]} 53. Qxh6 {[%clk 00:17:23]}
{[%emt 00:00:12]} Qc7+ {[%clk 00:05:34]} {[%emt 00:02:01]} 54. g3 {[%clk
00:17:52]} {[%emt 00:00:01]} Qd8 {[%clk 00:04:38]} {[%emt 00:01:26]} 55. Qc6
{[%clk 00:18:08]} {[%emt 00:00:14]} Kd3 {[%clk 00:04:51]} {[%emt 00:00:16]} 56.
Qb5+ {[%clk 00:18:28]} {[%emt 00:00:10]} Kd2 {[%clk 00:05:12]} {[%emt
00:00:09]} 57. Qb4+ {[%clk 00:18:11]} {[%emt 00:00:48]} Kd3 {[%clk 00:05:28]}
{[%emt 00:00:13]} 58. Kg2 {[%clk 00:18:20]} {[%emt 00:00:21]} d4 {[%clk
00:05:08]} {[%emt 00:00:51]} 59. Qb3+ {[%clk 00:17:05]} {[%emt 00:01:45]} Kd2
{[%clk 00:05:26]} {[%emt 00:00:11]} 60. Qb2+ {[%clk 00:15:50]} {[%emt
00:01:45]} Kd1 {[%clk 00:05:45]} {[%emt 00:00:11]} 61. Qb3+ {[%clk 00:11:59]}
{[%emt 00:04:21]} Kd2 {[%clk 00:06:05]} {[%emt 00:00:10]} 62. Qb4+ {[%clk
00:11:07]} {[%emt 00:01:23]} Kc2 {[%clk 00:05:52]} {[%emt 00:00:42]} 63. Qc4+
{[%clk 00:11:12]} {[%emt 00:00:26]} Kd2 {[%clk 00:06:16]} {[%emt 00:00:05]} 64.
a4 {[%clk 00:09:05]} {[%emt 00:02:37]} d3 {[%clk 00:06:10]} {[%emt 00:00:35]}
65. Kf1 {[%clk 00:08:07]} {[%emt 00:01:29]} Qd6 {[%clk 00:05:37]} {[%emt
00:01:03]} 66. Qa2+ {[%clk 00:07:48]} {[%emt 00:00:50]} Kc1 {[%clk 00:05:58]}
{[%emt 00:00:08]} 67. Qa1+ {[%clk 00:08:10]} {[%emt 00:00:09]} Kc2 {[%clk
00:06:21]} {[%emt 00:00:06]} 68. Qa2+ {[%clk 00:08:36]} {[%emt 00:00:05]} Kc1
{[%clk 00:06:45]} {[%emt 00:00:06]} 69. Qa1+ {[%clk 00:08:59]} {[%emt
00:00:08]} Kc2 {[%clk 00:07:10]} {[%emt 00:00:04]} 70. Qa2+ {[%clk 00:09:23]}
{[%emt 00:00:06]} Kc1 {[%clk 00:07:35]} {[%emt 00:00:05]} 1/2-1/2

[ePGN "0.1;DGT LiveChess/2.2.5"]